|
|
|
|
| LEADER |
01087nam a22002657a 4500 |
| 001 |
36077 |
| 003 |
BD-DhAAL |
| 005 |
20250622094900.0 |
| 008 |
211201t1999 bg a|||| |||| 00| 0 ben d |
| 020 |
|
|
|a 9844015073
|
| 040 |
|
|
|a BD-DhAAL
|
| 082 |
|
|
|a 382.03
|
| 100 |
|
|
|a আজাদ, হুমায়ুন.
|
| 245 |
|
|
|a অর্থবিজ্ঞান /
|c হুমায়ুন আজাদ.
|
| 246 |
|
|
|a Semantics
|
| 260 |
|
|
|a ঢাকা :
|b সাহিত্য প্রকাশ,
|c ১৯৯৯.
|
| 300 |
|
|
|a ১০৮ পৃষ্ঠা :
|b চিত্র ;
|c ২২ সে.মি.
|
| 526 |
|
|
|a BIED
|
| 541 |
|
|
|a Complimentary copy from BIED
|e 36077
|
| 650 |
|
|
|a International trade
|v Dictionaries.
|9 43444
|
| 650 |
|
|
|a Semantics.
|9 43445
|
| 852 |
|
|
|a Ayesha Abed Library
|c BIED Collection
|
| 942 |
|
|
|2 ddc
|c BK
|
| 999 |
|
|
|c 43344
|d 43344
|
| 952 |
|
|
|0 0
|1 0
|2 ddc
|4 0
|6 382_030000000000000_AZA
|7 0
|9 69532
|a BRACUL
|b BRACUL
|c GEN
|d 2021-12-01
|e Complimentary copy from BIED
|l 1
|m 21
|o 382.03 AZA
|p 3010036077
|r 2024-02-27
|s 2023-07-23
|t 1
|w 2021-12-01
|y BK
|x Transferred from BIED to General Stacks
|